[Event "Moscow-B"]
[Site "Moscow"]
[Date "1985.??.??"]
[Round "?"]
[White "Arkhipov, Sergey"]
[Black "Spassov, Liuben"]
[Result "1/2-1/2"]
[WhiteElo "2550"]
[BlackElo "2415"]

1.d4 Nf6 2.c4 e6 3.Nf3 d5 4.Nc3 Be7 5.Bf4 O-O 6.e3 c5 7.dxc5 Bxc5 8.a3 Nc6
9.b4 Be7 10.Ra2 a5 11.b5 Nb8 12.Be2 b6 13.cxd5 Nxd5 14.Nxd5 exd5 15.O-O Be6
16.Nd4 Bd6 17.Nxe6 fxe6 18.Bg4 Qe7 19.Bxd6 Qxd6 20.Rc2 Ra7 21.Qd3 Re7 22.h3 Rfe8
23.f4 Rc7 24.Rxc7 Qxc7 25.f5 Nd7 26.fxe6 Nf6 27.Bf5 Qd6 28.Qc3 Qg3 29.Rf3 Qb8
30.a4 Rc8 31.Qa3 Rc5 32.Qd3 Qc7 33.Rf1 Rc3 34.Bxh7+ Kh8 35.Qf5 Nxh7 36.Qg6 Nf6
37.Rxf6 gxf6 38.Qe8+ Kh7 39.e7 Rc1+ 40.Kf2 Rc2+ 41.Kf3 Qe5 42.Qf7+  1/2-1/2

[Event "DEN-ch"]
[Site "Naestved"]
[Date "1985.??.??"]
[Round "?"]
[White "Fries Nielsen, Jens Ove"]
[Black "Hansen, Ja"]
[Result "1/2-1/2"]
[WhiteElo "2390"]
[BlackElo "2200"]

1.d4 d5 2.Nf3 Nf6 3.c4 e6 4.Nc3 Be7 5.Bf4 O-O 6.e3 c5 7.dxc5 Bxc5 8.Qc2 Nc6
9.Rd1 Qa5 10.a3 Be7 11.Nd2 a6 12.Be2 Qb6 13.O-O h6 14.cxd5 exd5 15.Na4 Qa7
16.Nb3 Be6 17.Nac5 Rac8 18.Nxe6 fxe6 19.Qg6 Qb6  1/2-1/2

[Event "Naleczow"]
[Site "Naleczow"]
[Date "1985.??.??"]
[Round "11"]
[White "Tomaszewski, Roman"]
[Black "Staniszewski, Piotr"]
[Result "1/2-1/2"]
[WhiteElo "2410"]
[BlackElo "2380"]

1.c4 Nf6 2.Nc3 e6 3.Nf3 d5 4.d4 Be7 5.Bf4 O-O 6.e3 c5 7.dxc5 Bxc5 8.Qc2 Nc6
9.a3 Qa5 10.Rc1 d4 11.exd4 Nxd4 12.Nxd4 Bxd4 13.Bd3 b6 14.O-O Bxc3 15.Qxc3 Qxc3
16.Rxc3 Bb7 17.f3 Rac8 18.Kf2 Rfd8 19.Rd1 Kf8 20.Be2 Rxd1 21.Bxd1 Ke7 22.Be2 Nd7
23.Be3 h6 24.Bd4 e5 25.Be3 g5 26.h4 f5 27.hxg5 f4 28.Bd2 hxg5 29.Rc1 Rh8
30.Bc3 Rh2 31.Kg1 Rh6 32.Bd3 g4 33.fxg4 e4 34.Re1 Nc5 35.Be2 Rg6 36.g3 Bc8
37.gxf4 Bxg4 38.Kf2 Bxe2 39.Kxe2 Ke6 40.Rh1 Kf5 41.Rh7 Rg2+ 42.Ke3 Rg3+ 43.Kf2 Rf3+
44.Ke2 Nd3 45.Rf7+ Ke6 46.Rxa7 Nxf4+ 47.Kd1 e3 48.Ra8 Kd7 49.Bb4 Rf2 50.Ra7+ Kc6
51.Re7 e2+ 52.Kd2 e1=Q+ 53.Kxe1 Nd3+ 54.Kd1  1/2-1/2

[Event "JUG-ch"]
[Site "Novi Sad"]
[Date "1985.??.??"]
[Round "?"]
[White "Djuric, Stefan"]
[Black "Abramovic, Bosko"]
[Result "1-0"]
[WhiteElo "2470"]
[BlackElo "2460"]

1.d4 d5 2.c4 e6 3.Nc3 Be7 4.Nf3 Nf6 5.Bf4 O-O 6.e3 c5 7.dxc5 Bxc5 8.cxd5 Nxd5
9.Nxd5 exd5 10.Bd3 Bb4+ 11.Ke2 Nc6 12.Qc2 g6 13.Ne5 Nxe5 14.Bxe5 Qg5 15.Bg3 Bg4+
16.Kf1 Rac8 17.Qa4 Bc5 18.Qf4 Qh5 19.h3 Be6 20.Qf6 Rfd8 21.Be5 Kf8 22.Qg7+ Ke8
23.Bb5+ Rc6 24.Bd4 Bd6 25.Qf6 a6 26.Bxc6+ bxc6 27.Rc1 c5 28.Bc3 g5 29.Kg1 Qh4
30.g4 Be7 31.Qg7 Bf8 32.Qh8 d4 33.Bd2 Bxg4 34.hxg4 Qxg4+ 35.Kf1 Qe4 36.Qxh7 Qf3
37.Re1 d3 38.Qh5 Qd5 39.b3 Qe4 40.Qh3 g4 41.Qg2 Qe5 42.Qc6+ Rd7 43.Qc8+ Ke7
44.Qc6 a5 45.e4 Rd6 46.Qc7+ Ke6 47.Qc8+ Kf6 48.Qxf8  1-0

[Event "SVK-ch"]
[Site "Piestany"]
[Date "1985.??.??"]
[Round "1"]
[White "Cervenka, Imrich"]
[Black "Franzen, Josef"]
[Result "1/2-1/2"]
[WhiteElo "2310"]
[BlackElo "2355"]

1.d4 Nf6 2.c4 e6 3.Nf3 d5 4.Nc3 Be7 5.Bf4 O-O 6.e3 b6 7.Rc1 c5 8.a3 Bb7 9.cxd5 exd5
10.Ne5 Nc6 11.Bb5 Rc8 12.Qa4 Nxe5 13.dxe5 Nh5 14.Qxa7 Nxf4 15.Qxb7 Rb8 16.Qc6 Rc8
17.Qb7  1/2-1/2

[Event "Rubinstein mem"]
[Site "Polanica Zdroj"]
[Date "1985.??.??"]
[Round "2"]
[White "Stohl, Igor"]
[Black "Cvitan, Ognjen"]
[Result "1-0"]
[WhiteElo "2445"]
[BlackElo "2465"]

1.Nf3 Nf6 2.c4 e6 3.Nc3 d5 4.d4 Be7 5.Bf4 O-O 6.e3 c5 7.dxc5 Bxc5 8.a3 Nc6
9.Be2 dxc4 10.Bxc4 a6 11.Qc2 Be7 12.Rd1 Qa5 13.O-O b5 14.Bd3 Bb7 15.Ne4 h6
16.Nxf6+ Bxf6 17.Bh7+ Kh8 18.Rd7 e5 19.Bxh6 Nd8 20.Bg5 Bxf3 21.Bxf6 gxf6
22.gxf3 Ne6 23.Qf5 Ng5 24.Qxf6+ Kxh7 25.Kh1 Rg8 26.f4 Rg6 27.Qf5 exf4 28.exf4 Rd8
29.fxg5 Rxd7 30.Qxd7 Kg7 31.Qd4+ Kh7 32.Rc1 b4 33.Rc8 Re6 34.Rh8+ Kg6 35.Rh6+ Kf5
36.Rxe6 fxe6 37.Qf6+  1-0

[Event "DSV-Turnier"]
[Site "Potsdam"]
[Date "1985.??.??"]
[Round "1"]
[White "Stohl, Igor"]
[Black "Boensch, Uwe"]
[Result "0-1"]
[WhiteElo "2445"]
[BlackElo "2445"]

1.d4 d5 2.c4 e6 3.Nc3 Be7 4.Nf3 Nf6 5.Bf4 O-O 6.e3 c5 7.dxc5 Bxc5 8.a3 Nc6
9.Be2 dxc4 10.Bxc4 a6 11.Qc2 Be7 12.Rd1 Qa5 13.O-O h6 14.e4 e5 15.Bd2 Qc7
16.Nd5 Nxd5 17.exd5 Nd4 18.Nxd4 exd4 19.Qd3 Bg4 20.Rc1 Qd7 21.Bb4 Bxb4 22.axb4 Rad8
23.Qxd4 h5 24.h3 Bf5 25.Rfe1 Qd6 26.Qc5 Qg6 27.Re3 b5 28.Rg3 Qh6 29.Bd3 Rc8
30.Bxf5 Qxc1+ 31.Qxc1 Rxc1+ 32.Kh2 Rd1 33.Be4 Rd4 34.Re3 Rxb4 35.Bf3 Rd8
36.b3 g6 37.Rc3 a5 38.Rc5 Rxb3 39.Be2 Rb2 40.Bxb5 Rxf2 41.Bc6 Ra2  0-1

[Event "Bohemians"]
[Site "Prague"]
[Date "1985.??.??"]
[Round "?"]
[White "Lechtynsky, Jiri"]
[Black "Efimov, Igor"]
[Result "1/2-1/2"]
[WhiteElo "2445"]
[BlackElo "2405"]

1.d4 d5 2.Nf3 Nf6 3.c4 e6 4.Nc3 Be7 5.Bf4 O-O 6.e3 c5 7.dxc5 Bxc5 8.Be2 dxc4
9.Bxc4 a6 10.O-O b5 11.Bd3 Bb7 12.Rc1 Nbd7 13.Ng5 Qb6 14.Nxh7 Nxh7 15.Bxh7+ Kxh7
16.Qxd7 Rad8 17.Qc7 Qxc7 18.Bxc7 Rc8 19.Nxb5 Bxe3 20.fxe3 axb5 21.b3 f6 22.Bb6 Ra8
23.Rc7 Bd5  1/2-1/2

[Event "Bohemians"]
[Site "Prague"]
[Date "1985.??.??"]
[Round "?"]
[White "Knezevic, Milorad"]
[Black "Modr, Bretislav"]
[Result "1-0"]
[WhiteElo "2405"]
[BlackElo "2350"]

1.d4 Nf6 2.c4 e6 3.Nc3 d5 4.Nf3 Be7 5.Bf4 O-O 6.e3 Nbd7 7.cxd5 Nxd5 8.Nxd5 exd5
9.Bd3 Nf6 10.Qc2 c6 11.O-O g6 12.Ne5 Nh5 13.Bh6 Ng7 14.Rab1 f6 15.Nf3 a5
16.h3 Rf7 17.Nh4 f5 18.Nf3 Bf6 19.Bf4 Ne6 20.Bh2 Ng5 21.Ne5 Re7 22.a3 a4
23.Be2 Be6 24.Nd3 Bf7 25.Be5 Bxe5 26.Nxe5 Ne4 27.Bd3 Qa5 28.Rbd1 Rf8 29.f4 Be6
30.Bxe4 dxe4 31.Qc5 Qxc5 32.dxc5 Ra8 33.Rd4 Ra5 34.Rc1 Kg7 35.g4 Rb5 36.Rc2 Bb3
37.Rc3 Bd5 38.Rc2 Bb3 39.Rc1 Bd5 40.Rd2 Rb3 41.Rc3 Rb5 42.g5 Rc7 43.Kf2 Kf8
44.Ke1 Ke7 45.h4 Bf7 46.Kd1 Be8 47.Kc1 Rc8 48.Rd4 Ra8 49.Rb4 Ra6 50.Nc4 Bf7
51.Rxb5 cxb5 52.Nd6 Rc6 53.Nxb5 b6 54.cxb6 Rxb6 55.Rc7+ Kf8 56.Nd4 Ra6 57.Rc8+ Be8
58.Nb5 Kf7 59.Nd4 Kf8 60.Rb8 Ra7 61.Kd2 Ke7 62.h5 Rc7 63.h6 Ra7 64.Rb6  1-0

[Event "Bohemians"]
[Site "Prague"]
[Date "1985.??.??"]
[Round "?"]
[White "Lechtynsky, Jiri"]
[Black "Mozny, Milos"]
[Result "1/2-1/2"]
[WhiteElo "2445"]
[BlackElo "2400"]

1.d4 d5 2.c4 e6 3.Nf3 Nf6 4.Nc3 Be7 5.Bf4 O-O 6.e3 a6 7.cxd5 exd5 8.Bd3 Nbd7
9.Rc1 Re8 10.O-O Nf8 11.Ne5 Bd6 12.Bg3 c5 13.Bb1  1/2-1/2

[Event "Reykjavik"]
[Site "Reykjavik"]
[Date "1985.??.??"]
[Round "1"]
[White "Hansen, Curt"]
[Black "Jussupow, Artur"]
[Result "1/2-1/2"]
[WhiteElo "2505"]
[BlackElo "2590"]

1.d4 Nf6 2.c4 e6 3.Nc3 d5 4.Nf3 Be7 5.Bf4 O-O 6.e3 c5 7.dxc5 Bxc5 8.Qc2 Nc6
9.a3 Qa5 10.Rd1 Be7 11.Nd2 e5 12.Bg5 d4 13.Nb3 Qb6 14.Bxf6 Bxf6 15.Nd5 Qd8
16.Bd3 g6 17.exd4 Nxd4 18.Nxd4 exd4 19.Nxf6+ Qxf6 20.O-O Bg4 21.f3 Be6 22.f4 Bd7
23.Be4 Bc6 24.Bd5 Rfe8 25.Qd3 Bxd5 26.cxd5 Rac8 27.g3 Kf8 28.Rf2 Re3 29.Qxd4 Qxd4
30.Rxd4 Ke7 31.d6+ Kd7 32.Rfd2 Rc6 33.Rb4 b6 34.Kf2 Re6 35.Rbd4 f5 36.Kf3 Rcxd6
37.Rxd6+ Rxd6 38.Ke3 Rxd2 39.Kxd2 Kc6 40.Kc3 Kc5 41.b3 b5 42.Kd3  1/2-1/2

[Event "Rome"]
[Site "Rome"]
[Date "1985.??.??"]
[Round "1"]
[White "Arlandi, Ennio"]
[Black "Inkiov, Ventzislav"]
[Result "1/2-1/2"]
[WhiteElo "2310"]
[BlackElo "2480"]

1.d4 Nf6 2.c4 e6 3.Nc3 d5 4.Nf3 Be7 5.Bf4 O-O 6.e3 c5 7.dxc5 Bxc5 8.Qc2 Nc6
9.a3 Qa5 10.Rd1 Be7 11.Nd2 e5 12.Bg3 d4 13.Nb3 Qb6 14.exd4 Nxd4 15.Nxd4 exd4
16.Nb5 Bg4 17.f3 Bd7 18.Nxd4 Bc5 19.Bf2 Rfe8+ 20.Be2 Rad8 21.Rd2 Ba4 22.Qxa4 Bxd4  1/2-1/2

[Event "Rome-B"]
[Site "Rome"]
[Date "1985.??.??"]
[Round "8"]
[White "Skembris, Spyridon"]
[Black "Bhend, Edwin"]
[Result "1-0"]
[WhiteElo "2435"]
[BlackElo "2370"]

1.d4 d5 2.c4 e6 3.Nc3 Nf6 4.Nf3 Be7 5.Bf4 O-O 6.e3 b6 7.cxd5 exd5 8.Be2 Bb7
9.O-O Nbd7 10.Nb5 Ne8 11.Rc1 c6 12.Nc3 Nd6 13.Ne5 f6 14.Nd3 Kh8 15.Bg3 Rg8
16.Nf4 Nf8 17.Bd3 Qd7 18.Bxh7 g5 19.Bxg8 gxf4 20.Bxd5 fxg3 21.Bb3 gxf2+ 22.Rxf2 Nh7
23.Qh5 Qe8 24.Qh3 f5 25.Ne2 Bg5 26.Nf4 Ne4 27.Rfc2 Bxf4 28.exf4 Qd7 29.Rd1 Kg7
30.Qf3 Nhf6 31.h3 a5 32.g4 fxg4 33.hxg4 Rh8 34.g5 Qg4+ 35.Qxg4 Nxg4 36.Re2 c5
37.d5 Nd6 38.Re7+ Kf8 39.Rd7 c4 40.Ba4 Rh2 41.Rxd6 Rxb2 42.Rd8+ Kg7 43.Rd7+ Kg6
44.Rxb7 Nh2 45.Rxb6+ Rxb6 46.Kxh2  1-0

[Event "Wch U20"]
[Site "Sharjah"]
[Date "1985.??.??"]
[Round "13"]
[White "Zysk, Robert"]
[Black "Dobrey, N."]
[Result "1-0"]
[WhiteElo "2340"]
[BlackElo "2275"]

1.d4 d5 2.c4 e6 3.Nc3 Be7 4.Nf3 Nf6 5.Bf4 O-O 6.e3 c5 7.dxc5 Bxc5 8.Rc1 Qe7
9.a3 Rd8 10.cxd5 exd5 11.Na4 Bd6 12.Bxd6 Qxd6 13.Nd4 Qe7 14.Be2 Nbd7 15.O-O Ne4
16.Qc2 Ne5 17.Nc5 Nd6 18.Rfd1 b6 19.Nd3 Bb7 20.Nxe5 Qxe5 21.Qa4 Ne4 22.Ba6 Bxa6
23.Qxa6 Qf6 24.Rc2 Nc5 25.Qe2 Rd7 26.Rdc1 Rad8 27.b4 Ne6 28.Nc6 Re8 29.Qb5 Nc7
30.Qa4 Ne6 31.Nxa7 Rdd8 32.Nc6 Ra8 33.Qb3 d4 34.Nxd4 Nxd4 35.exd4 Qxd4 36.g3 h5
37.Rc7 Rf8 38.Qf3 Qb2 39.R1c3 Rae8 40.Qxh5 Re1+ 41.Kg2 Ra1 42.Rc8  1-0

[Event "Sochi"]
[Site "Sochi"]
[Date "1985.??.??"]
[Round "?"]
[White "Foisor, Ovidiu"]
[Black "Pigusov, Evgeny"]
[Result "1/2-1/2"]
[WhiteElo "2430"]
[BlackElo "2455"]

1.d4 d5 2.c4 e6 3.Nc3 Nf6 4.Nf3 Be7 5.Bf4 O-O 6.e3 c5 7.dxc5 Bxc5 8.Qc2 Nc6
9.a3 Qa5 10.Nd2 Bb4 11.cxd5 Nxd5 12.Nxd5 exd5 13.Rd1 Be7 14.Bd3 h6 15.O-O Bg4
16.Nf3 d4 17.Be4 dxe3 18.Bxe3 Rac8 19.Qb3 Qc7 20.Rc1 Bf6 21.Bxa7 Qe7 22.Bxc6 Rxc6
23.Rxc6 bxc6 24.Bd4 Bxf3 25.Bxf6 Qxf6 26.Qxf3 Qxb2 27.Qxc6  1/2-1/2

[Event "Tatran Cup"]
[Site "Stary Smokovec"]
[Date "1985.??.??"]
[Round "?"]
[White "Stohl, Igor"]
[Black "Franzen, Josef"]
[Result "1-0"]
[WhiteElo "2445"]
[BlackElo "2380"]

1.Nf3 Nf6 2.c4 e6 3.d4 d5 4.Nc3 Be7 5.Bf4 O-O 6.e3 c5 7.dxc5 Bxc5 8.a3 a6
9.Qc2 dxc4 10.Bxc4 b5 11.Bd3 Nbd7 12.Ne5 Nxe5 13.Bxe5 h6 14.Rd1 Nd7 15.Bh7+ Kh8
16.Be4 Ra7 17.b4 Be7 18.Bb8 Rb7 19.Bxb7 Bxb7 20.O-O Qxb8 21.Rxd7 Bd6 22.Ne4 Bxh2+
23.Kh1 f5 24.Nc5 Bc8 25.Rfd1 Rg8 26.Rd8 Bc7 27.Nxa6 Bxa6 28.Rxb8 Bxb8 29.Qc6 Bc8
30.Qb6  1-0

[Event "Trencianske Teplice"]
[Site "Trencianske Teplice"]
[Date "1985.??.??"]
[Round "3"]
[White "Stohl, Igor"]
[Black "Ubilava, Elizbar"]
[Result "1/2-1/2"]
[WhiteElo "2445"]
[BlackElo "2485"]

1.d4 d5 2.c4 e6 3.Nc3 Be7 4.Nf3 Nf6 5.Bf4 O-O 6.e3 c5 7.dxc5 Bxc5 8.a3 Nc6
9.Be2 dxc4 10.Bxc4 a6 11.Qc2 Bd7 12.O-O Nh5 13.Bg5 Be7 14.Rad1 h6 15.Bxe7 Qxe7
16.Ba2  1/2-1/2

[Event "Trencianske Teplice"]
[Site "Trencianske Teplice"]
[Date "1985.??.??"]
[Round "6"]
[White "Knezevic, Milorad"]
[Black "Prandstetter, Eduard"]
[Result "1/2-1/2"]
[WhiteElo "2435"]
[BlackElo "2450"]

1.d4 e6 2.Nf3 Nf6 3.c4 d5 4.Nc3 Be7 5.Bf4 O-O 6.e3 c5 7.dxc5 Bxc5 8.a3 Nc6
9.Rc1 dxc4 10.Bxc4 Qxd1+ 11.Rxd1 a6 12.Bd6 Bxd6 13.Rxd6 Bd7 14.O-O  1/2-1/2

[Event "Trencianske Teplice"]
[Site "Trencianske Teplice"]
[Date "1985.??.??"]
[Round "7"]
[White "Lechtynsky, Jiri"]
[Black "Ubilava, Elizbar"]
[Result "0-1"]
[WhiteElo "2450"]
[BlackElo "2485"]

1.d4 d5 2.Nf3 Nf6 3.c4 e6 4.Nc3 Be7 5.Bf4 O-O 6.e3 b6 7.cxd5 Nxd5 8.Nxd5 exd5
9.Bd3 c5 10.O-O Nd7 11.Rc1 c4 12.Bb1 Nf6 13.Ne5 Bb7 14.Qf3 b5 15.b3 Qb6 16.Bg5 Rfe8
17.Bf5 h6 18.Bxf6 Qxf6 19.Bd7 Qxf3 20.gxf3 a6 21.Bxe8 Rxe8 22.bxc4 dxc4 23.e4 f5
24.Rfe1 Bd6 25.Kg2 Kh7 26.Rc2 Re7 27.Rce2 Re8 28.a4 fxe4 29.fxe4 Bxe5 30.dxe5 b4
31.f4 c3 32.Re3 Rc8 33.e6 Kg8 34.Rb1 Rc4 35.Kf2 Kf8 36.f5 Bxe4 37.e7+ Kxe7
38.Rbe1 c2 39.Rc1 Kf6 40.Rxe4 Rxe4 41.Rxc2 Kxf5 42.Rc7 a5 43.Ra7 Re5 44.Rxg7 Ke4
45.Ke2 Kd4+ 46.Kd2 Rg5 47.Ra7 Rg2+ 48.Kd1 b3 49.Kc1 Kc3  0-1

[Event "Trencianske Teplice"]
[Site "Trencianske Teplice"]
[Date "1985.??.??"]
[Round "11"]
[White "Stohl, Igor"]
[Black "Prandstetter, Eduard"]
[Result "1/2-1/2"]
[WhiteElo "2445"]
[BlackElo "2450"]

1.d4 Nf6 2.Nf3 e6 3.c4 d5 4.Nc3 Be7 5.Bf4 O-O 6.e3 c5 7.dxc5 Bxc5 8.a3 Nc6
9.b4 Bb6 10.Ra2 Ne4 11.Nxe4 dxe4 12.Qxd8 Bxd8 13.Nd2 e5 14.Bg3 f5 15.b5 f4
16.bxc6 fxg3 17.hxg3 bxc6 18.c5 Be6 19.Bc4 Bd5 20.Ke2 Ba5 21.Rc1 Rf7 22.Nb3 Raf8
23.Kf1 Bd8 24.Rb2 Kh8 25.Kg1  1/2-1/2

[Event "Trencianske Teplice"]
[Site "Trencianske Teplice"]
[Date "1985.??.??"]
[Round "15"]
[White "Dizdar, Goran"]
[Black "Stohl, Igor"]
[Result "1/2-1/2"]
[WhiteElo "2450"]
[BlackElo "2445"]

1.d4 d5 2.Nf3 Nf6 3.c4 e6 4.Nc3 Be7 5.Bf4 O-O 6.e3 c5 7.dxc5 Bxc5 8.a3 Nc6
9.Be2 dxc4 10.Qxd8 Rxd8 11.Bxc4 b6 12.Ke2 Bb7 13.Rhd1  1/2-1/2

[Event "Tirnavia"]
[Site "Trnava"]
[Date "1985.??.??"]
[Round "6"]
[White "Stohl, Igor"]
[Black "Franzen, Josef"]
[Result "1-0"]
[WhiteElo "2445"]
[BlackElo "2355"]

1.c4 e6 2.Nc3 d5 3.d4 Nf6 4.Nf3 Be7 5.Bf4 O-O 6.e3 c5 7.dxc5 Bxc5 8.a3 Nc6
9.Qc2 Qa5 10.Nd2 Bb4 11.cxd5 exd5 12.Nb3 Bxc3+ 13.bxc3 Bf5 14.Nxa5 Bxc2 15.Nxb7 Rfe8
16.Bb5 Rec8 17.Nd6 Rc7 18.Ne8 Rcc8 19.Nxf6+ gxf6 20.Ba6  1-0

[Event "Tirnavia-B"]
[Site "Trnava"]
[Date "1985.??.??"]
[Round "7"]
[White "Pekarek, Ales"]
[Black "Cervenka, Imrich"]
[Result "1-0"]
[WhiteElo "2360"]
[BlackElo "2310"]

1.Nf3 Nf6 2.c4 e6 3.Nc3 d5 4.d4 Be7 5.Bf4 O-O 6.e3 c5 7.dxc5 Qa5 8.a3 dxc4
9.Bxc4 Qxc5 10.Bd3 Nc6 11.Rc1 Rd8 12.Bc7 Rd7 13.Bg3 Qh5 14.O-O Rd8 15.Qc2 Bd7
16.Rfd1 Rac8 17.b4 a6 18.Qb2 b5 19.e4 Qh6 20.e5 Nh5 21.Ne4 Nxg3 22.hxg3 g6
23.Nc5 Bxc5 24.Rxc5 Ne7 25.Be2 Qf8 26.Qc1 Nd5 27.Ng5 a5 28.Ne4 Kg7 29.bxa5 Rxc5
30.Qxc5 Ra8 31.Qxf8+ Kxf8 32.Nc5 Be8 33.a6 Ke7 34.Bf3 Bc6 35.Rc1 Ra7 36.Nxe6 fxe6
37.Rxc6 Nc7 38.Be2 Nxa6 39.Bxb5 Nc7 40.a4 Rb7 41.Bc4 Kd7 42.Rd6+ Ke7  1-0

[Event "Budapest Spring op"]
[Site "Budapest"]
[Date "1986.??.??"]
[Round "?"]
[White "Muse, Mladen"]
[Black "Lechtynsky, Jiri"]
[Result "1-0"]
[WhiteElo "2435"]
[BlackElo "2445"]

1.d4 Nf6 2.c4 e6 3.Nf3 d5 4.Nc3 Be7 5.Bf4 O-O 6.e3 c5 7.dxc5 Bxc5 8.a3 dxc4
9.Qc2 b5 10.Nxb5 Qa5+ 11.Nc3 Nd5 12.Bxc4 Nxf4 13.exf4 Bb7 14.Ng5 g6 15.O-O Qc7
16.Nce4 Nd7 17.Nxe6 fxe6 18.Bxe6+ Kg7 19.Bxd7 Bxe4 20.Qxe4 Rad8 21.Bg4 Rd4
22.Qe2 Rdxf4 23.Bf3 Rxf3 24.gxf3 Rf5 25.Kg2 Rg5+ 26.Kh1 Rf5 27.f4 Qxf4 28.f3 Re5
29.Qc2 Rh5 30.Rad1 Bd4 31.Rd3 Be5 32.Rd7+ Kh6 33.Rf2 Qh4 34.Rg2 Qe1+ 35.Rg1 Qe3
36.Rxh7+  1-0

[Event "ITA-ch46"]
[Site "Cesenatico"]
[Date "1986.??.??"]
[Round "2"]
[White "Arlandi, Ennio"]
[Black "Bellini, Fabio"]
[Result "1-0"]
[WhiteElo "2360"]
[BlackElo "2380"]

1.d4 d5 2.c4 e6 3.Nc3 Be7 4.Nf3 Nf6 5.Bf4 O-O 6.e3 c5 7.dxc5 Bxc5 8.Qc2 Nc6
9.a3 Re8 10.O-O-O Qa5 11.cxd5 Nxd5 12.Nxd5 exd5 13.Ng5 g6 14.Rxd5 Nd4 15.Qd1 Bf5
16.Bc4 Rac8 17.Rxf5 Nxf5 18.Bxf7+ Kg7 19.Bxe8 Rxe8 20.Qb3 Re7 21.Ne6+ Rxe6
22.Qxe6 Be7 23.Qe5+ Qxe5 24.Bxe5+ Kf7 25.Bb8 a6 26.Kd2 Ke6 27.Rc1 Bd8 28.Bc7 Be7
29.Bb6 Nd6 30.f3 Bf6 31.Bd4 Bd8 32.Kd3 b5 33.Rc6 Kd7 34.Rxa6 Nc4 35.Ra7+ Bc7
36.b3 Nd6 37.Bb6 Ne8 38.Bxc7 Nxc7 39.a4 bxa4 40.bxa4 Kc6 41.Ra5  1-0

[Event "Bundesliga 8586"]
[Site "Germany"]
[Date "1986.??.??"]
[Round "?"]
[White "Schneider, B."]
[Black "Lobron, Eric"]
[Result "1-0"]
[WhiteElo "2290"]
[BlackElo "2525"]

1.c4 Nf6 2.Nc3 e6 3.Nf3 d5 4.d4 Be7 5.Bf4 O-O 6.e3 c5 7.dxc5 Bxc5 8.a3 Nc6
9.cxd5 Nxd5 10.Nxd5 exd5 11.Bd3 Bd6 12.Bxd6 Qxd6 13.O-O Qf6 14.b4 Bg4 15.Be2 Rfd8
16.b5 Ne5 17.Nd4 Bxe2 18.Qxe2 Rac8 19.Rac1 g6 20.h3 Qd6 21.Qa2 Rc7 22.Rfd1 Rdc8
23.Rxc7 Rxc7 24.Ne2 Nc4 25.a4 Qe5 26.Nf4 d4 27.Rxd4 Nxe3 28.Rd8+ Kg7 29.Qa3 Qxf4
30.fxe3 Qg3 31.Qf8+ Kf6 32.Rd6+ Ke5 33.Rd1 Qxe3+ 34.Kh1 Qc5 35.Re1+ Kf5 36.Qg7 Qc3
37.Rf1+ Kg5 38.h4+ Kg4 39.Qh6 Qe5 40.Qd2 Rc3 41.Re1 Rd3 42.Qb4+ Qd4 43.Re4+ Kg3
44.Rxd4  1-0

[Event "Bundesliga 8586"]
[Site "Germany"]
[Date "1986.??.??"]
[Round "?"]
[White "Seul, Georg"]
[Black "Federau, Juergen"]
[Result "0-1"]
[WhiteElo "2445"]
[BlackElo "2240"]

1.d4 d5 2.c4 e6 3.Nc3 Nf6 4.Nf3 Be7 5.Bf4 O-O 6.e3 c5 7.dxc5 Bxc5 8.Qc2 Nc6
9.a3 Qa5 10.Nd2 Be7 11.Bg3 d4 12.Nb3 Qd8 13.exd4 Nxd4 14.Nxd4 Qxd4 15.Rd1 Qg4
16.Be2 Qg5 17.O-O Bd7 18.Bf3 Bc6 19.Bxc6 bxc6 20.Ne4 Qa5 21.Bd6 Bxd6 22.Nxf6+ gxf6
23.Rxd6 Rad8 24.Rxc6 Rd2 25.Qb3 Rfd8 26.h3 Qe5 27.Qa4 Rxb2 28.Qxa7 Qe2 29.g3 Rd1
30.Rxd1 Qxd1+ 31.Kg2 Rb1 32.Rc8+ Kg7 33.g4 Qh1+ 34.Kg3 Rb3+  0-1

[Event "Bundesliga 8586"]
[Site "Germany"]
[Date "1986.??.??"]
[Round "?"]
[White "Miltner, Arndt"]
[Black "Grzesik, Frank"]
[Result "1/2-1/2"]
[WhiteElo "2285"]
[BlackElo "2285"]

1.d4 d5 2.Nf3 Nf6 3.c4 e6 4.Nc3 Be7 5.Bf4 O-O 6.e3 c5 7.dxc5 Bxc5 8.Rc1 Qa5
9.a3 Be7 10.Qc2 Nc6 11.Bg5 d4 12.Bxf6 Bxf6 13.exd4 Nxd4 14.Nxd4 Bxd4 15.Bd3 Qe5+
16.Kf1 h6 17.Re1 Qa5 18.Nb5 Bf6 19.b4 Qd8 20.Rd1 Qe7 21.Nd6 Rd8 22.c5 b6
23.Be4 Rb8 24.g3 bxc5 25.bxc5 Ba6+ 26.Kg2 Be5 27.Qa4 Bxd6 28.cxd6 Rxd6 29.Rxd6 Qxd6
30.Rd1 Qe5 31.Rb1 Rd8 32.Rb4 Bd3 33.Bxd3 Rxd3 34.Qe8+ Kh7 35.Qxf7 Rxa3 36.h4 Qd5+
37.Kh3 h5 38.Re4 Qf5+ 39.Qxf5+ exf5 40.Re5 Kg6 41.Kg2 a5 42.Rb5 a4 43.Ra5 Kf6
44.Kf1 Ra1+ 45.Kg2 Ra3 46.Kg1 g6 47.Ra6+ Kf7 48.Kg2 Kg7 49.Ra7+ Kf6 50.Ra6+ Kf7
51.Ra7+ Kf6  1/2-1/2

[Event "Bundesliga 8586"]
[Site "Germany"]
[Date "1986.??.??"]
[Round "?"]
[White "Schneider, B."]
[Black "Fahnenschmidt, Gerhard"]
[Result "1-0"]
[WhiteElo "2290"]
[BlackElo "2335"]

1.c4 e6 2.Nc3 d5 3.d4 Be7 4.Nf3 Nf6 5.Bf4 O-O 6.e3 b6 7.cxd5 Nxd5 8.Nxd5 exd5
9.Rc1 Bb4+ 10.Nd2 Bd6 11.Qf3 Bb7 12.Bd3 c6 13.O-O Bxf4 14.Qxf4 Nd7 15.Nf3 Rc8
16.Rc3 Qe7 17.Rfc1 g6 18.a3 c5 19.dxc5 Nxc5 20.Bb1 Ne4 21.Bxe4 dxe4 22.Nd4 Kg7
23.Qg4 Rxc3 24.Rxc3 Kh8 25.h3 Qd6 26.Qd1 Qd7 27.Qc2 Rc8 28.Rxc8+ Bxc8 29.Qxe4 Kg7
30.Qc6 Qd8 31.b4 a6 32.a4 h5 33.Kf1 Bd7 34.Qc3 Kh7 35.Qc4 Kg8 36.Qxa6 Qc7
37.Kg1 Qc1+ 38.Kh2 Qc7+ 39.f4 g5 40.Qa8+ Kg7 41.Qe4 gxf4 42.exf4 Bxa4 43.Nf5+ Kf6
44.Ne3 Bc6 45.Qc4 Qd6 46.b5 Bb7 47.Kg1 Kg7 48.Nf5+  1-0

[Event "Bundesliga 8586"]
[Site "Germany"]
[Date "1986.??.??"]
[Round "?"]
[White "Berg, Klaus"]
[Black "Pfleger, Helmut"]
[Result "1/2-1/2"]
[WhiteElo "2375"]
[BlackElo "2480"]

1.Nf3 d5 2.d4 Nf6 3.c4 e6 4.Nc3 Be7 5.Bf4 O-O 6.e3 c6 7.h3 Nbd7 8.cxd5 Nxd5
9.Nxd5 exd5 10.Bd3 Re8 11.O-O Nf8 12.Qc2 Ng6 13.Bh2  1/2-1/2

[Event "Havana-A"]
[Site "Havana"]
[Date "1986.??.??"]
[Round "?"]
[White "Klaric, Zlatko"]
[Black "Milos, Gilberto"]
[Result "1/2-1/2"]
[WhiteElo "2410"]
[BlackElo "2430"]

1.c4 e6 2.d4 d5 3.Nc3 Nf6 4.Nf3 Be7 5.Bf4 O-O 6.e3 c5 7.dxc5 Bxc5 8.Be2 Nc6
9.O-O a6 10.cxd5 exd5 11.Rc1 Be7  1/2-1/2

[Event "URS-FL"]
[Site "Irkutsk"]
[Date "1986.??.??"]
[Round "?"]
[White "Gavrikov, Viktor"]
[Black "Timoshchenko, Gennadi A"]
[Result "1/2-1/2"]
[WhiteElo "2550"]
[BlackElo "2475"]

1.Nf3 d5 2.d4 Nf6 3.c4 e6 4.Nc3 Be7 5.Bf4 O-O 6.e3 c5 7.dxc5 Bxc5 8.cxd5 Nxd5
9.Nxd5 exd5 10.a3 Nc6 11.Bd3 Bd6 12.Qa4 Bxf4 13.Qxf4 d4 14.O-O-O Be6 15.Ng5 g6
16.Nxe6 fxe6 17.Qg3 Qf6 18.Rhf1  1/2-1/2

[Event "Bhilwara"]
[Site "New Delhi"]
[Date "1986.??.??"]
[Round "?"]
[White "Ravi, Lanka"]
[Black "Donchev, Dimitar I"]
[Result "1/2-1/2"]
[WhiteElo "2285"]
[BlackElo "2440"]

1.d4 Nf6 2.c4 e6 3.Nf3 d5 4.Nc3 Be7 5.Bf4 O-O 6.e3 c5 7.dxc5 Bxc5 8.Qc2 Nc6
9.Rd1 Qa5 10.a3 Ne4 11.cxd5 exd5 12.Rxd5 Nxc3 13.bxc3 Qxa3 14.Ng5 g6 15.Bc4 b6
16.O-O Ba6 17.Bxa6 Qxa6 18.h4 Rad8 19.Rfd1 Qc4 20.Rd7 Be7 21.Nf3 Rxd7 22.Rxd7 Qe6
23.Rc7 Bd8 24.Ng5 Bxg5 25.hxg5 Rc8 26.Rb7 Nb4 27.Qa4 Nd5 28.Qxa7 Nxf4 29.exf4 Qe1+
30.Kh2 Qxf2 31.Rxf7 Qh4+ 32.Kg1 Rxc3 33.Rg7+ Kh8 34.Qa1 Kxg7  1/2-1/2

[Event "POL-ch"]
[Site "?"]
[Date "1986.??.??"]
[Round "7"]
[White "Adamski, Jan"]
[Black "Staniszewski, Piotr"]
[Result "1/2-1/2"]
[WhiteElo "2380"]
[BlackElo "2405"]

1.Nf3 Nf6 2.d4 d5 3.c4 e6 4.Nc3 Be7 5.Bf4 O-O 6.e3 c5 7.dxc5 Bxc5 8.a3 Nc6
9.Rc1 dxc4 10.Qxd8 Rxd8 11.Bxc4 Bd6 12.Bxd6 Rxd6 13.Ke2 a6 14.Bd3 Bd7 15.Rhd1 Kf8
16.Ng5 Ke7 17.Nge4 Nxe4 18.Nxe4 Rd5 19.Nc5 Ne5 20.Nxd7 Nxd3 21.Rxd3 Rxd3
22.Kxd3 Kxd7  1/2-1/2

[Event "POL-chT"]
[Site "Porabka"]
[Date "1986.??.??"]
[Round "?"]
[White "Grabowski, Andrzej"]
[Black "Sapis, Witalis"]
[Result "0-1"]
[WhiteElo "2265"]
[BlackElo "2340"]

1.d4 Nf6 2.c4 e6 3.Nc3 d5 4.Nf3 Be7 5.Bf4 O-O 6.e3 c5 7.dxc5 Bxc5 8.Qc2 Nc6
9.a3 Qa5 10.Rd1 Be7 11.Nd2 e5 12.Bg5 d4 13.Nb3 Qd8 14.Be2 a5 15.Na4 h6 16.Bxf6 Bxf6
17.O-O Qc7 18.e4 b6 19.c5 bxc5 20.Nbxc5 Nd8 21.Bc4 Ne6 22.Bxe6 Bxe6 23.Qd3 Bg4
24.Rc1 Qd6 25.Rc4 Rfb8 26.Rfc1 Bg5 27.R1c2 Be7 28.Qg3 Bd1 29.Rc1 Bxa4 30.Nxa4 Bg5
31.Rd1 Rc8 32.Qd3 Rc6 33.g3 Rac8 34.Rxc6 Qxc6 35.b3 Bc1 36.Qf3 Bxa3 37.Qf5 Qc2
38.Kg2 Re8 39.Qf3 Rb8 40.Rd3 g6 41.g4 Be7 42.Qg3 Rb5 43.Qf3 Bh4 44.Kf1 Bxf2
45.Qe2 Qxe2+ 46.Kxe2 Be3 47.Nb2 Rc5 48.Kf3 Bc1 49.Na4 Rc6 50.h3 Kf8 51.Ke2 Ke7
52.Rf3 Ke6 53.Kd3 f6 54.Rf1 Kd7 55.h4 Ke6 56.Rh1 h5 57.gxh5 gxh5 58.Rg1 Kf7
59.Rf1 Kg6 60.Rg1+ Kf7 61.Rf1 Be3 62.Rh1 Kg6 63.Rf1 Rc7 64.Rh1 f5 65.Rf1 f4  0-1